| 000 | 01280nam a22003497a 4500 | ||
|---|---|---|---|
| 003 | CHAP | ||
| 005 | 20220329141152.0 | ||
| 008 | 971010s1977 mx r 00010 spa d | ||
| 010 | _a63766 | ||
| 011 | _a64738 | ||
| 035 | _a70845 | ||
| 040 | _cCHAP | ||
| 090 | _aTesis | ||
| 100 | 0 | 0 |
_aAguirre Ortega, Jorge. _93023 |
| 245 | 1 | 0 |
_aValor alimenticio del acemite de trigo como sustituto del sorgo en dietas de codornices (Coturnix coturnix japonica) en crecimiento _c/por Jorge Aguirre Ortega |
| 260 |
_aChapingo, Méx. : _bEl autor, _c1977 |
||
| 300 | _a40 h. gráfs. | ||
| 500 | _a1c. en bodega | ||
| 502 | _aTesis (Ing. Agrónomo Esp. en Zootecnia) -- ENA. Departamento de Zootecnia | ||
| 590 |
_aALEPH _b10 _c20130110 _lUCH01 _h1346 |
||
| 590 |
_aBATCH-UPD _b10 _c20130110 _lUCH01 _h0541 |
||
| 590 |
_aBATCH-UPD _b10 _c20130410 _lUCH01 _h1631 |
||
| 590 |
_aBATCH-UPD _b10 _c20130914 _lUCH01 _h2054 |
||
| 590 |
_aCONVERSION _b10 _c20130109 _lUCH01 _h1334 |
||
| 650 | 1 | 4 |
_aCodorniz _xNutrición. _924310 |
| 650 | 1 | 4 |
_aTrigo _xSubproductos. _9115105 |
| 901 | _aBK | ||
| 942 | _cFOLL | ||
| 949 |
_aTesis _bBC _cTES _d33724000934774 _eTS2 _fc.2 _i70845 _si |
||
| 949 |
_aTesis _bBC _cTES _d33724002165397 _eTS2 _fc.3 _h50899 _i70845 _sb |
||
| 949 |
_aTesis _bBC _cTES _d33724002165470 _eTS1 _i70845 _si |
||
| 999 |
_c63766 _d63766 |
||